logo

Bir Sreshtho Munshi Abdur Rouf Library
Jhenaidah Cadet College

Analysis and design of analog integrated circuits / (Record no. 14269)

MARC details
000 -LEADER
fixed length control field 01161pam a2200325 a 4500
001 - CONTROL NUMBER
JCCL Control Number 14269
003 - CONTROL NUMBER IDENTIFIER
JCCL marc code BD-JhCC
005 - DATE AND TIME OF LATEST TRANSACTION
control field 20250226084251.0
008 - FIXED-LENGTH DATA ELEMENTS--GENERAL INFORMATION
fixed length control field 920529s1993 nyua b 001 0 eng
020 ## - INTERNATIONAL STANDARD BOOK NUMBER
International Standard Book Number 0471574953 (acidfree paper)
035 ## - SYSTEM CONTROL NUMBER
system control number (BD-JhCC)14269
040 ## - CATALOGING SOURCE
Original cataloging agency DLC
Transcribing agency DLC
Modifying agency DLC
041 ## - LANGUAGE CODE
Language code of Book english
050 00 - LIBRARY OF CONGRESS CALL NUMBER
Classification number TK7874
Item number .G688 1993
082 00 - DEWEY DECIMAL CLASSIFICATION NUMBER
Classification number 621.3815
DDC Edition number 20
Author mark and Year PAU 1993
100 1# - MAIN ENTRY--PERSONAL NAME
Personal name Gray, Paul R.,
Dates associated with a name 1942-
245 10 - TITLE STATEMENT
Title Analysis and design of analog integrated circuits /
Statement of responsibility, etc Paul R. Gray, Robert G. Meyer.
250 ## - EDITION STATEMENT
Edition statement 3rd ed.
260 ## - PUBLICATION, DISTRIBUTION, ETC. (IMPRINT)
Place of publication, distribution, etc New York :
Name of publisher, distributor, etc Wiley,
Date of publication, distribution, etc 1993.
300 ## - PHYSICAL DESCRIPTION
Pagination xiv, 792 p. :
Other physical details ill. ;
Dimensions 26 cm.
504 ## - BIBLIOGRAPHY, ETC. NOTE
Bibliography, etc Includes bibliographical references and index.
650 #0 - SUBJECT ADDED ENTRY--TOPICAL TERM
Topical term or geographic name as entry element Linear integrated circuits
General subdivision Computer-aided design.
650 #0 - SUBJECT ADDED ENTRY--TOPICAL TERM
Topical term or geographic name as entry element Metal oxide semiconductors
General subdivision Computer-aided design.
650 #0 - SUBJECT ADDED ENTRY--TOPICAL TERM
Topical term or geographic name as entry element Bipolar transistors
General subdivision Computer-aided design.
700 1# - ADDED ENTRY--PERSONAL NAME
Personal name Meyer, Robert G.,
Dates associated with a name 1942-
856 4# - ELECTRONIC LOCATION AND ACCESS
Materials specified Table of Contents only
Uniform Resource Identifier http://www.loc.gov/catdir/toc/onix02/92018648.html
856 42 - ELECTRONIC LOCATION AND ACCESS
Materials specified Publisher description
Uniform Resource Identifier http://www.loc.gov/catdir/enhancements/fy0607/92018648-d.html
942 ## - ADDED ENTRY ELEMENTS (KOHA)
Source of classification or shelving scheme Dewey Decimal Classification
Koha item type Books
Holdings
Source of classification or shelving scheme Damaged status Not for loan Home library Current library Shelving location Date of accession Source of acquisition Total Checkouts Full call number Barcode Date last seen Copy number Method of acquisition Koha item type Currency
Dewey Decimal Classification     JCC Rouf Library JCC Rouf Library General Stacks   With the compliments of Shahriar Imtiaz Rahman,27/1483/K   621.3815 PAU 1993 19867 02/26/2025 C-1 Gift/Donation Books BDT

JCC Library | Contacts | JCC Home

Last Update on 23 September 2017
Copyright @ 2017-2020 JCC Rouf Library
Rouf Library, Jhenidah Cadet College (JCC), Bangladesh